header

Essential angioplasty (Record no. 71636)

MARC details
000 -LEADER
fixed length control field 01429nam a2200337 a 4500
082 04 - DEWEY DECIMAL CLASSIFICATION NUMBER
Classification number 617.4/13
100 1# - MAIN ENTRY--AUTHOR NAME
Personal name Schmilowski, E. von
245 10 - TITLE STATEMENT
Title Essential angioplasty
260 ## - PUBLICATION, DISTRIBUTION, ETC. (IMPRINT)
Place of publication Chichester, West Sussex, U.K. :
Name of publisher Wiley-Blackwell,
Year of publication 2012.
300 ## - PHYSICAL DESCRIPTION
Number of Pages xii, 380 p. :
Other physical details ill.
505 0# - FORMATTED CONTENTS NOTE
Formatted contents note Fundamentals -- Devices in practice -- Interventional patient -- Interventional pharmacotherapy -- Techniques -- Complications -- Imaging.
650 #0 - SUBJECT ADDED ENTRY--TOPICAL TERM
Topical Term Angioplasty.
700 1# - ADDED ENTRY--PERSONAL NAME
Personal name Swanton, Howard.
856 40 - ELECTRONIC LOCATION AND ACCESS
Uniform Resource Identifier http://site.ebrary.com/lib/rucke/Doc?id=10630606

No items available.

© 2026 Rongo University
Contact us: librarian | system librarian | Rongo university